Datum a čas kvízu
32
Celkem bodů
Celkový počet nahraných bodů na tomto kvízu bez doplňovacích otázek.
2.
Pořadí na kvízu
Konečné umístění týmu na tomto kvízu.
Zaznamenané odpovědi
| # | Otázka | Odpověď | Body | Výsledky |
|---|---|---|---|---|
| 1. | Minulý týden jsme se ústy mluv... | C) medvědi | 0 | |
| 2. | Policista, který se domáhal ná... | B) sýr čedar | 1 | |
| 3. | O filmu, jehož děj se odehrává... | Vlny, Jiří Mádl | 1 | |
| 4. | V jednom evropském státě se ro... | Řecko | 1 | |
| 5. | Jak se jmenuje britský cyklist... | Mark Cavendish | 1 | |
| 6. | Téma začneme u českého filmu,... | (Jaroslav a Dana) Stodolovi | 1 | |
| 7. | Ve filmu V hlavě z roku 2015 j... | A) úzkost | 1 | |
| 8. | V březnu 2024 jsme se dočkali... | 1B 2D 3A 4C | 1 | |
| 9. | Premiéru má každý rok velké mn... | C | 0 | |
| 10. | V roce 2024 přišlo do kin rovn... | Frank Herbert, Spasitel Duny | 1 |